[Event "Condom op-A 11th"]
[Site "Condom"]
[Date "2012.07.14"]
[Round "1"]
[White "Garrel, Alain"]
[Black "Karpatchev, Aleksandr"]
[Result "0-1"]
[WhiteElo "2038"]
[BlackElo "2431"]
[PlyCount "48"]
[EventDate "2012.07.14"]
[EventType "swiss"]
[EventRounds "9"]
[EventCountry "FRA"]
[SourceTitle "EXT 2013"]
[Source "ChessBase"]
[SourceDate "2012.11.22"]
[SourceVersion "1"]
[SourceVersionDate "2012.11.22"]
[SourceQuality "1"]

1. d4 d5 2. Bf4 c5 3. e3 Nc6 4. Nf3 Nf6 5. c3 Qb6 6. Qb3 c4 7. Qxb6 axb6 8. Nbd2 b5 9. Be2 e6 10. 0-0 b4 11. Ne5 Nxe5 12. dxe5 Nd7 13. e4 b5 14. Bf3 Bb7 15. exd5 exd5 16. e6 fxe6 17. Rfe1 bxc3 18. bxc3 Nc5 19. Bg4 Bc8 20. Be3 Nd3 21. Re2 Bd6 22. Bh5+ g6 23. Bd4 0-0 24. Bf3 Bd7 0-1

[Event "Ouest Toulousain op-A 6th"]
[Site "Fontenilles"]
[Date "2011.03.11"]
[Round "8"]
[White "Garrel, Alain"]
[Black "Di Nicolantonio, Lucas"]
[Result "0-1"]
[WhiteElo "2081"]
[BlackElo "2273"]
[PlyCount "48"]
[EventDate "2011.03.07"]
[EventType "swiss"]
[EventRounds "9"]
[EventCountry "FRA"]
[SourceTitle "CBM 141 Extra"]
[Source "ChessBase"]
[SourceDate "2011.05.03"]
[SourceVersion "1"]
[SourceVersionDate "2011.05.03"]
[SourceQuality "1"]

1. d4 Nf6 2. Bf4 d6 3. Nc3 g6 4. e4 Bg7 5. Qd2 c6 6. 0-0-0 b5 7. f3 Nbd7 8. e5 b4 9. exf6 bxc3 10. Qxc3 Nxf6 11. g4 Qb6 12. Bc4 0-0 13. Ne2 Ba6 14. Kb1 Rab8 15. Bxa6 Qxa6 16. Nc1 c5 17. Qd2 Nd5 18. c3 Rfc8 19. Nb3 cxd4 20. cxd4 Nb4 21. a3 Nc2 22. Qd3 Nxa3+ 23. Ka2 Nb5+ 24. Kb1 Nc3+ 0-1

[Event "Ouest Toulousain op-A 6th"]
[Site "Fontenilles"]
[Date "2011.03.10"]
[Round "6"]
[White "Garrel, Alain"]
[Black "Ratsiambahotra, Tahiry"]
[Result "1/2-1/2"]
[WhiteElo "2081"]
[BlackElo "1961"]
[PlyCount "53"]
[EventDate "2011.03.07"]
[EventType "swiss"]
[EventRounds "9"]
[EventCountry "FRA"]
[SourceTitle "CBM 141 Extra"]
[Source "ChessBase"]
[SourceDate "2011.05.03"]
[SourceVersion "1"]
[SourceVersionDate "2011.05.03"]
[SourceQuality "1"]

1. d4 Nf6 2. Bf4 c5 3. e3 g6 4. c3 cxd4 5. exd4 Bg7 6. Nf3 d6 7. Bd3 Nc6 8. 0-0 0-0 9. h3 Qc7 10. Re1 Nh5 11. Bh2 e5 12. Na3 a6 13. dxe5 dxe5 14. Nc4 f6 15. Qb3 Kh8 16. Nb6 Rb8 17. Nxc8 Rbxc8 18. g4 Nf4 19. Bxf4 exf4 20. Rad1 Rcd8 21. Qc4 Qb6 22. h4 Ne5 23. Nxe5 fxe5 24. h5 gxh5 25. g5 Qc6 26. Qxc6 bxc6 27. Bxa6 1/2-1/2

[Event "Ouest Toulousain op-A 4th"]
[Site "Tournefeuille"]
[Date "2009.02.18"]
[Round "4"]
[White "Garrel, Alain"]
[Black "Drenchev, Petar"]
[Result "0-1"]
[WhiteElo "2115"]
[BlackElo "2458"]
[PlyCount "60"]
[EventDate "2009.02.16"]
[EventType "swiss"]
[EventRounds "9"]
[EventCountry "FRA"]
[SourceTitle "CBM 128 Extra"]
[Source "ChessBase"]
[SourceDate "2009.03.05"]
[SourceVersion "2"]
[SourceVersionDate "2009.03.25"]
[SourceQuality "1"]

1. d4 c5 2. c3 e6 3. Nf3 Nc6 4. Bg5 Qb6 5. Nbd2 cxd4 6. Nc4 Qc5 7. e4 dxc3 8. bxc3 Nf6 9. Be3 Qh5 10. Be2 Qg6 11. e5 Nd5 12. Nh4 Qe4 13. Nf3 Nxc3 14. Nd6+ Bxd6 15. Qxd6 b6 16. Bd3 Qd5 17. Qxd5 Nxd5 18. Bd2 Bb7 19. 0-0 0-0 20. Rab1 Rac8 21. a4 Rc7 22. Rfd1 Rfc8 23. Re1 h6 24. g4 Ncb4 25. Be4 Nc2 26. Red1 Na3 27. Rbc1 Nc4 28. Be1 Nxe5 29. Rxc7 Nxf3+ 30. Bxf3 Rxc7 0-1

[Event "Ouest Toulousain op-A 4th"]
[Site "Tournefeuille"]
[Date "2009.02.17"]
[Round "3"]
[White "Cesbron, Guy"]
[Black "Garrel, Alain"]
[Result "0-1"]
[WhiteElo "2106"]
[BlackElo "2115"]
[PlyCount "90"]
[EventDate "2009.02.16"]
[EventType "swiss"]
[EventRounds "9"]
[EventCountry "FRA"]
[SourceTitle "CBM 128 Extra"]
[Source "ChessBase"]
[SourceDate "2009.03.05"]
[SourceVersion "2"]
[SourceVersionDate "2009.03.25"]
[SourceQuality "1"]

1. e4 d5 2. exd5 Qxd5 3. Nc3 Qd6 4. d4 Nf6 5. h3 a6 6. Nf3 Nc6 7. Be3 Bf5 8. Bd3 Bxd3 9. Qxd3 e6 10. a3 Be7 11. 0-0 0-0 12. Rad1 Rad8 13. Rfe1 Rfe8 14. Bg5 h6 15. Be3 Bf8 16. Qd2 Nd5 17. Nxd5 Qxd5 18. Bf4 Bd6 19. Bxd6 Rxd6 20. Qc1 Red8 21. c3 Qf5 22. Qe3 f6 23. Rc1 Kf7 24. Re2 Ne7 25. c4 Ng6 26. Qe4 Nf4 27. Re3 Qxe4 28. Rxe4 g5 29. g3 Nxh3+ 30. Kg2 f5 31. Re2 g4 32. Ne5+ Kf6 33. c5 Rxd4 34. c6 b6 35. Nd7+ Ke7 36. Rce1 Ng5 37. Re5 Re4 38. R5xe4 Nxe4 39. b4 b5 40. Rh1 Rh8 41. Rd1 h5 42. Ne5 Rd8 43. Nd7 Nf6 44. Rh1 Nxd7 45. cxd7 Rxd7 0-1

[Event "FRA-chT2 South 0708"]
[Site "France"]
[Date "2008.01.20"]
[Round "6.5"]
[White "Garrel, Alain"]
[Black "Djingarova, Emilia"]
[Result "0-1"]
[WhiteElo "2296"]
[BlackElo "2151"]
[PlyCount "88"]
[EventDate "2007.10.21"]
[EventType "team"]
[EventRounds "11"]
[EventCountry "FRA"]
[SourceTitle "EXT 2009"]
[Source "ChessBase"]
[SourceDate "2008.11.26"]
[SourceVersion "1"]
[SourceVersionDate "2008.11.26"]
[SourceQuality "1"]
[WhiteTeam "Tournefeuille"]
[BlackTeam "Saint Affrique"]
[WhiteTeamCountry "FRA"]
[BlackTeamCountry "FRA"]

1. d4 e6 2. Nf3 b6 3. Bg5 Be7 4. Bxe7 Nxe7 5. e3 Bb7 6. Bd3 d6 7. Nbd2 Nd7 8. 0-0 Ng6 9. Qe2 a6 10. c4 0-0 11. b4 Qe7 12. a4 f5 13. Nb3 e5 14. dxe5 dxe5 15. c5 Kh8 16. Bc4 bxc5 17. Nxc5 Nxc5 18. bxc5 Bxf3 19. Qxf3 Qxc5 20. Rfc1 e4 21. Qd1 Qe7 22. Qe2 f4 23. exf4 Nxf4 24. Qe3 Qg5 25. Qg3 Qf6 26. Rab1 Rad8 27. Bf1 Nd3 28. Rxc7 Nxf2 29. h3 Nd3 30. Be2 Rc8 31. Rxc8 Rxc8 32. Bxd3 Qd4+ 33. Qf2 Qxd3 34. Re1 h6 35. Qf5 Re8 36. Qf7 Qd4+ 37. Kh1 Qxa4 38. Re3 Qa1+ 39. Kh2 Qe5+ 40. Kh1 a5 41. Ra3 Rd8 42. Qf1 e3 43. Qe1 e2 44. Rxa5 Qxa5 0-1

[Event "FRA-chT2 South 0708"]
[Site "France"]
[Date "2007.10.21"]
[Round "1.3"]
[White "Passager, Jean Pierre"]
[Black "Garrel, Alain"]
[Result "1-0"]
[WhiteElo "2217"]
[BlackElo "2157"]
[PlyCount "78"]
[EventDate "2007.10.21"]
[EventType "team"]
[EventRounds "11"]
[EventCountry "FRA"]
[SourceTitle "EXT 2009"]
[Source "ChessBase"]
[SourceDate "2008.11.26"]
[SourceVersion "1"]
[SourceVersionDate "2008.11.26"]
[SourceQuality "1"]
[WhiteTeam "Echiquier Bordelais"]
[BlackTeam "Tournefeuille"]
[WhiteTeamCountry "FRA"]
[BlackTeamCountry "FRA"]

1. d4 Nf6 2. c4 e5 3. dxe5 Ng4 4. Bf4 Bb4+ 5. Nd2 Nc6 6. Ngf3 Qe7 7. e3 Ngxe5 8. Nxe5 Nxe5 9. Be2 0-0 10. 0-0 Ng6 11. Bg3 Bd6 12. Bxd6 Qxd6 13. Qc2 Qe7 14. c5 d6 15. cxd6 Qxd6 16. Nc4 Qf6 17. Rfd1 Bf5 18. Qc3 Qxc3 19. bxc3 Rad8 20. Na5 Bc2 21. Rd4 b6 22. Nc6 Rxd4 23. cxd4 a5 24. Rc1 Be4 25. Na7 c6 26. Nxc6 Rc8 27. Bf3 Bxf3 28. gxf3 Kf8 29. Rc4 b5 30. Rc5 a4 31. Kf1 Ne7 32. Nb4 Rxc5 33. dxc5 Ke8 34. Ke2 Kd7 35. Kd3 Nc6 36. Nc2 Ne5+ 37. Ke4 Nc4 38. Kd5 Nd2 39. f4 Nb3 1-0

[Event "FRA-chT2 South 0607"]
[Site "France"]
[Date "2006.11.25"]
[Round "2.4"]
[White "Vanderbeeken, Mikael"]
[Black "Garrel, Alain"]
[Result "0-1"]
[WhiteElo "2118"]
[BlackElo "2143"]
[PlyCount "98"]
[EventDate "2006.10.15"]
[EventType "team"]
[EventRounds "11"]
[EventCountry "FRA"]
[SourceTitle "EXT 2008"]
[Source "ChessBase"]
[SourceDate "2007.11.25"]
[SourceVersion "1"]
[SourceVersionDate "2007.11.25"]
[SourceQuality "1"]
[WhiteTeam "Ales ASPTT"]
[BlackTeam "Tournefeuille"]
[WhiteTeamCountry "FRA"]
[BlackTeamCountry "FRA"]

1. e4 d5 2. exd5 Qxd5 3. Nc3 Qd6 4. d4 Nf6 5. Nf3 a6 6. Be2 Nc6 7. 0-0 Bf5 8. Be3 e6 9. Qd2 Be7 10. a3 0-0 11. Bd3 Bxd3 12. Bf4 Qd7 13. Qxd3 Nd5 14. Nxd5 exd5 15. Rfe1 Bd6 16. Bxd6 Qxd6 17. Re3 Rae8 18. Rae1 Rxe3 19. Rxe3 h6 20. Ne5 Re8 21. Nxc6 Rxe3 22. Qxe3 Qxc6 23. c3 Qg6 24. Qc1 Qd3 25. h3 a5 26. Kh2 Qe2 27. Kg1 Kh7 28. Qb1+ g6 29. Qc1 Kg7 30. Qf4 c6 31. Qc1 a4 32. g3 b6 33. Kg2 c5 34. Qf4 g5 35. Qd6 cxd4 36. Qxb6 d3 37. Qd4+ Kg8 38. Qxd5 d2 39. Qd8+ Kh7 40. Qd5 Kg7 41. Qd4+ Kg6 42. Qd6+ f6 43. Qf8 d1Q 44. Qg8+ Kf5 45. Qh7+ Ke5 46. Qe7+ Kd5 47. Qf7+ Qe6 48. Qb7+ Qc6 49. c4+ Kc5+ 0-1

[Event "Condom op 5th"]
[Site "Condom"]
[Date "2006.07.10"]
[Round "4"]
[White "Garrel, Alain"]
[Black "Gil, Ludovic"]
[Result "1-0"]
[WhiteElo "2144"]
[BlackElo "1819"]
[PlyCount "51"]
[EventDate "2006.07.08"]
[EventType "swiss"]
[EventRounds "9"]
[EventCountry "FRA"]
[SourceTitle "CBM 113 Extra"]
[Source "ChessBase"]
[SourceDate "2006.09.14"]
[SourceVersion "1"]
[SourceVersionDate "2006.09.14"]
[SourceQuality "1"]

1. d4 d5 2. Nf3 e6 3. g3 Nf6 4. c4 c6 5. Qc2 g6 6. Bg2 Bg7 7. 0-0 0-0 8. Nc3 Nbd7 9. b3 c5 10. cxd5 Nxd5 11. Nxd5 exd5 12. Bb2 cxd4 13. Bxd4 Nf6 14. Rac1 Bh6 15. e3 Bg7 16. Qc7 b6 17. Rfd1 Bf5 18. Ne5 Qxc7 19. Rxc7 Be6 20. Nc6 a5 21. Bxb6 a4 22. b4 Ne4 23. Bd4 Bxd4 24. Rxd4 Nc3 25. Ne7+ Kg7 26. Rxc3 1-0

[Event "Villeneuve Tolosane op"]
[Site "Villeneuve Tolosane"]
[Date "2006.02.27"]
[Round "1.10"]
[White "Garrel, Alain"]
[Black "Nanu, Ciprian Costica"]
[Result "0-1"]
[WhiteElo "2166"]
[BlackElo "2436"]
[PlyCount "80"]
[EventDate "2006.02.26"]
[EventType "swiss"]
[EventRounds "9"]
[EventCountry "FRA"]
[SourceTitle "CBM 111 Extra"]
[Source "ChessBase"]
[SourceDate "2006.05.09"]
[SourceVersion "1"]
[SourceVersionDate "2006.05.09"]
[SourceQuality "1"]

1. d4 Nf6 2. Nf3 e6 3. g3 b5 4. Bg2 Bb7 5. Qd3 a6 6. a4 bxa4 7. 0-0 c5 8. dxc5 Bxc5 9. Nc3 a3 10. bxa3 0-0 11. Rb1 Bc6 12. a4 h6 13. Be3 Qa5 14. Nd4 Bxg2 15. Nb3 Qc7 16. Bxc5 Bxf1 17. Bxf8 Kxf8 18. Kxf1 Nc6 19. Qc4 Rc8 20. Nd1 Qb7 21. Nd2 Qa8 22. f3 Ne7 23. Qd3 Qc6 24. Ne3 Qxa4 25. Ndc4 Rd8 26. Nd6 Qc6 27. Nec4 Ng6 28. Rb6 Qa4 29. Nxf7 Kxf7 30. Nd6+ Kg8 31. Qxg6 Qa1+ 32. Kg2 Rf8 33. Ne4 Nd5 34. Rd6 Qd1 35. Kf2 Qd4+ 36. Kg2 Qa7 37. Kh3 Qg1 38. Ng5 hxg5 39. Rxd7 Qf1+ 40. Kg4 Nf6+ 0-1

[Event "Condom op 4th"]
[Site "Condom"]
[Date "2005.07.11"]
[Round "4"]
[White "Froeyman, Helmut"]
[Black "Garrel, Alain"]
[Result "1/2-1/2"]
[WhiteElo "2332"]
[BlackElo "2143"]
[PlyCount "127"]
[EventDate "2005.07.09"]
[EventType "swiss"]
[EventRounds "9"]
[EventCountry "FRA"]
[SourceTitle "CBM 107 Extra"]
[Source "ChessBase"]
[SourceDate "2005.09.01"]
[SourceVersion "1"]
[SourceVersionDate "2005.09.01"]
[SourceQuality "1"]

1. e4 d6 2. d4 Nf6 3. Nc3 Nbd7 4. Nf3 e5 5. g3 Be7 6. Bg2 0-0 7. 0-0 c6 8. a4 b6 9. h3 Bb7 10. Be3 Qc7 11. Nh4 g6 12. f4 exd4 13. Bxd4 d5 14. exd5 Nxd5 15. Nxd5 cxd5 16. Nf3 Nc5 17. Kh2 Ne4 18. c3 Rfe8 19. Re1 Bc5 20. Ne5 Bxd4 21. Qxd4 Qc5 22. Rad1 Rad8 23. Ng4 Qxd4 24. Rxd4 Kg7 25. c4 dxc4 26. Rxd8 Rxd8 27. Bxe4 Bxe4 28. Rxe4 f5 29. Rxc4 Rd2+ 30. Kg1 fxg4 31. hxg4 Rxb2 32. Rc7+ Kh6 33. Rxa7 b5 34. axb5 Rxb5 35. Kg2 Rb2+ 36. Kh3 g5 37. Ra5 Rc2 38. Ra6+ Kg7 39. Ra7+ Kh6 40. Rb7 Ra2 41. Rb6+ Kg7 42. fxg5 Rc2 43. g6 h6 44. g5 h5 45. Rf6 Ra2 46. g4 hxg4+ 47. Kxg4 Ra4+ 48. Kh5 Ra1 49. Rf7+ Kg8 50. Rf4 Kg7 51. Rf7+ Kg8 52. Rd7 Rh1+ 53. Kg4 Rg1+ 54. Kf5 Rf1+ 55. Ke6 Re1+ 56. Kf6 Rf1+ 57. Ke5 Re1+ 58. Kf6 Rf1+ 59. Ke7 Re1+ 60. Kd8 Rg1 61. Ke7 Re1+ 62. Kd8 Rg1 63. Rd5 Kg7 64. Ke7 1/2-1/2

[Event "FRA-chT2 0405"]
[Site "France"]
[Date "2005.02.06"]
[Round "7.6"]
[White "Blake, Cyprien"]
[Black "Garrel, Alain"]
[Result "1/2-1/2"]
[WhiteElo "2060"]
[BlackElo "2153"]
[PlyCount "81"]
[EventDate "2004.10.10"]
[EventType "team"]
[EventRounds "11"]
[EventCountry "FRA"]
[SourceTitle "EXT 2006"]
[Source "ChessBase"]
[SourceDate "2005.11.24"]
[SourceVersion "1"]
[SourceVersionDate "2005.11.24"]
[SourceQuality "1"]

1. e4 d6 2. d4 Nf6 3. Bd3 e5 4. Ne2 Nc6 5. c3 d5 6. Bg5 Be7 7. exd5 Qxd5 8. 0-0 exd4 9. Bf4 0-0 10. cxd4 Qd8 11. a3 Bg4 12. Be3 Nd5 13. Nbc3 Nxe3 14. fxe3 Bg5 15. Qc1 Nxd4 16. Nxd4 c5 17. Ne4 cxd4 18. Nxg5 Qxg5 19. exd4 Qd5 20. Qf4 Be6 21. Rad1 Rad8 22. Qe4 g6 23. Qxd5 Bxd5 24. Rf2 Rd6 25. Rfd2 Rc8 26. Bf1 Bb3 27. Re1 Rcd8 28. Re7 Bd5 29. g3 a5 30. Bg2 b6 31. Bxd5 Rxd5 32. Rb7 b5 33. Rf2 R8d7 34. Rxd7 Rxd7 35. Rd2 Kf8 36. Kf2 Ke7 37. Ke3 Rc7 38. Kf4 f6 39. Kf3 Kd6 40. Ke4 Re7+ 41. Kd3 1/2-1/2

[Event "Condom op 3rd"]
[Site "Condom"]
[Date "2004.07.16"]
[Round "8"]
[White "Garrel, Alain"]
[Black "Cotton, Philippe"]
[Result "1-0"]
[WhiteElo "2174"]
[BlackElo "1976"]
[PlyCount "59"]
[EventDate "2004.07.10"]
[EventType "swiss"]
[EventRounds "9"]
[EventCountry "FRA"]
[SourceTitle "CBM 101 Extra"]
[Source "ChessBase"]
[SourceDate "2004.09.01"]
[SourceVersion "2"]
[SourceVersionDate "2004.09.01"]
[SourceQuality "1"]

1. d4 Nf6 2. Nf3 g6 3. c4 Bg7 4. g3 0-0 5. Bg2 d6 6. 0-0 Nc6 7. Nc3 Bg4 8. d5 Bxf3 9. exf3 Na5 10. Qe2 Nd7 11. Bd2 c5 12. Rad1 a6 13. b3 Rb8 14. h4 Nf6 15. f4 h5 16. Ne4 b5 17. Qe1 Nb7 18. f5 bxc4 19. bxc4 Ng4 20. fxg6 f5 21. Ng5 Qd7 22. Ne6 Ne5 23. Bc3 f4 24. Nxg7 fxg3 25. Bxe5 gxf2+ 26. Rxf2 Rxf2 27. Qxf2 Rf8 28. Qxf8+ Kxf8 29. Rf1+ Kg8 30. Ne6 1-0

[Event "Tarbes op 11th"]
[Site "Tarbes"]
[Date "2003.04.21"]
[Round "8"]
[White "Lecoq, Julien"]
[Black "Garrel, Alain"]
[Result "1-0"]
[WhiteElo "2040"]
[BlackElo "2153"]
[PlyCount "70"]
[EventDate "2003.04.19"]
[EventType "swiss"]
[EventRounds "9"]
[EventCountry "FRA"]
[SourceTitle "EXT 2004"]
[Source "ChessBase"]
[SourceDate "2003.11.25"]
[SourceVersion "1"]
[SourceVersionDate "2003.11.25"]
[SourceQuality "1"]

1. e4 d6 2. d4 Nf6 3. Nc3 Nbd7 4. Bc4 e5 5. Nf3 Be7 6. 0-0 0-0 7. h3 c6 8. a4 Nxe4 9. Nxe4 d5 10. Bb3 dxe4 11. Nxe5 Nxe5 12. dxe5 Qa5 13. Bf4 Be6 14. Bxe6 fxe6 15. Qd7 Rxf4 16. Qxe7 Qxe5 17. Qxb7 Raf8 18. Qxa7 c5 19. Rae1 Qf5 20. Re2 g5 21. Qb7 g4 22. hxg4 Rxg4 23. Qb3 Qf3 24. Qxf3 exf3 25. Rxe6 Rxg2+ 26. Kh1 Rf4 27. Rh6 Rxa4 28. Rh3 Rg5 29. Rg1 Rxg1+ 30. Kxg1 Rf4 31. Kf1 Kg7 32. Ke1 Kg6 33. Kd2 h5 34. Ke3 Rc4 35. c3 Ra4 1-0